| 000 | 00508nam a22001697a 4500 | ||
|---|---|---|---|
| 003 | MACL | ||
| 005 | 20160203173055.0 | ||
| 008 | 160203b xxu||||| |||| 00| 0 eng d | ||
| 040 | _cMACL | ||
| 041 | _aHindi | ||
| 082 | _a920/UPA | ||
| 100 |
_aउपाध्याय सौरभ _936673 |
||
| 245 | _aगॉधी विचार रत्न | ||
| 260 |
_aनई दिल्ली _bइशिका पब्लिशिंग _c2012 |
||
| 650 |
_aजीवन _936782 |
||
| 942 |
_2ddc _cHIN |
||
| 999 |
_c53173 _d53173 |
||